000
00304nam a2200121Ia 4500
008
220204s9999 xx 000 0 und d
082
_a
659.4
_b
LES
245
0
_a
Lesley's public relations handbook
250
_a
Ed.2
260
_a
New Jersey
_b
Prentice Hall
_c
1978
700
_a
Lesly, Philip
942
_c
BK
999
_c
31609
_d
31609